000 00620 a2200169 4500
999 _c9393
_d9393
020 _a9781785369827
050 0 0 _aK 3498 WAT 2017
245 0 0 _aWater resource management and the law /
_cedited by Erkki J. Hollo, Professor Emeritus, University of Helsinki, Finland.
264 1 _aCheltenham, UK :
_bEdward Elgar Publishing,
_c[2017]
264 4 _c♭2017
300 _axi, 415 pages ;
500 _aIncludes index
504 _aIncludes bibliographical references and index.
650 0 _aWater resources development
_xLaw and legislation.
700 1 _aHollo, Erkki J.,
_d1940-
_eeditor.
942 _2lcc
_cBK
_h3498
_iWAT
_kK